| 000 | 00340nam a2200133Ia 4500 | ||
|---|---|---|---|
| 008 | 240624s9999 xx 000 0 und d | ||
| 041 | _aeng | ||
| 082 | _a338.2328 AGU | ||
| 100 | _aAGUILERA ROBERTO F | ||
| 245 | _aPRICE OF OIL | ||
| 260 |
_c2016 _aNew Delhi _bCambridge University Press |
||
| 300 | _ax, 242 p.; 23 cm. | ||
| 365 |
_cBPS _b30 |
||
| 999 |
_c29737 _d29737 |
||